| 000 | 00000nas##2200000za#4500 |
| 001 | 9.515321 |
| 003 | CaOODSP |
| 005 | 20210929082752 |
| 007 | ta |
| 008 | 150406c2006||||xxc|| m #||||f| |0eng|d |
| 022 | |a0832-7122 |
| 040 | |aCaOODSP|beng |
| 043 | |an-cn--- |
| 086 | 1 |aFo123-2E |
| 110 | 1 |aCanada. |bNatural Resources Canada. |bCanadian Forest Service. |
| 245 | 10|aInformation report. GLC-X series / |cIssued by the Great Lakes Forestry Centre. |
| 260 | |aSault Ste. Marie - Ontario : |bNatural Resources Canada. |
| 546 | |a(Résumés en français.) |
| 563 | |aSoftcover |
| 775 | 08|tRapport d'information. Série GLC-X / |w(CaOODSP)9.513866 |
| 776 | 0#|tInformation report |w(CaOODSP)9.505580 |
| 780 | 00|tInformation report : |w(CaOODSP)9.514651 |